Estados de México - Escribe la Primera Letra - Estadísticas

Estadísticas generales
  • Esta prueba ha sido intentada 117 veces
    112 desde el último reinicio
  • La puntuación promedio es 22 de 31
Respuestas en el mapa
Las respuestas están codificadas por una escala verde-roja en el mapa de la prueba según el % correcto abajo.
 
Estadísticas de respuestas
Estado % Correcto
Veracruz
79%
Aguascalientes
77%
Sinaloa
77%
Yucatán
77%
Guerrero
74%
Tamaulipas
74%
Campeche
72%
Chiapas
72%
Coahuila
72%
México
72%
Nayarit
72%
Sonora
72%
Baja California
70%
Chihuahua
70%
Durango
70%
Tlaxcala
70%
Zacatecas
70%
Baja California Sur
67%
Colima
67%
Jalisco
67%
Oaxaca
67%
Quintana Roo
67%
San Luis Potosí
67%
Tabasco
67%
Morelos
65%
Nuevo León
65%
Puebla
65%
Querétaro
65%
Hidalgo
63%
Guanajuato
60%
Michoacán
58%
No se encontraron pruebas coincidentes
Distribución de puntuación
Porcentaje de gente con cada puntuación
Porcentaje por número respondido
Historial de tus puntuaciones
No has intentado esta prueba desde el último reinicio